000 00600nam a22001817a 4500
005 20251108172835.0
008 250721s2004 xx 000 0 ara d
082 1 4 _a305.8915970565/ كرد
100 1 _aالكردي، محمد علي الصويركي
_eمؤلف
245 1 0 _aالأكراد الأردنيون و دورهم في بناء الاردن الحديث /
264 1 _aعمان :
_bدار سندباد للنشر،
_c2004.
300 _a191 ص.
650 1 7 _aالأكراد
650 1 7 _aتاريخ الأردن
650 1 7 _aالأقليات
942 _2ddc
_cBK
999 _c89763
_d89763